El patrañuelo / (Record no. 5441)
[ view plain ]
| 000 -CABECERA | |
|---|---|
| campo de control de longitud fija | 00738cam a2200205 a 4500 |
| 001 - NÚMERO DE CONTROL | |
| campo de control | 000005642 |
| 005 - FECHA Y HORA DE LA ÚLTIMA TRANSACCIÓN | |
| campo de control | 20200929151729.0 |
| 008 - DATOS DE LONGITUD FIJA--INFORMACIÓN GENERAL | |
| campo de control de longitud fija | 791018s1949 sp b 001 0 spa |
| 040 ## - FUENTE DE LA CATALOGACIÓN | |
| Centro catalogador/agencia de origen | DO-SdBNP |
| Lengua de catalogación | spa |
| Centro/agencia transcriptor | BNPHU |
| 082 ## - NÚMERO DE LA CLASIFICACIÓN DECIMAL DEWEY | |
| Número de clasificación | 863.3 |
| Número de documento/Ítem | T585p |
| 100 1# - ENTRADA PRINCIPAL--NOMBRE DE PERSONA | |
| Nombre de persona | Timoneda, Juan de, |
| Fechas asociadas al nombre | 1520?-1583. |
| 9 (RLIN) | 15947 |
| 245 13 - MENCIÓN DE TÍTULO | |
| Título | El patrañuelo / |
| Mención de responsabilidad, etc. | Juan Timoneda ; edición, prólogo y notas de Federico Ruiz Morcuende. |
| 260 ## - PUBLICACIÓN, DISTRIBUCIÓN, ETC. | |
| Lugar de publicación, distribución, etc. | Madrid, España : |
| Nombre del editor, distribuidor, etc. | Espasa-Calpe, |
| Fecha de publicación, distribución, etc. | 1949. |
| 300 ## - DESCRIPCIÓN FÍSICA | |
| Extensión | lx, 220 p. ; |
| Dimensiones | 19 cm. |
| 490 1# - MENCIÓN DE SERIE | |
| Mención de serie | Clásicos castellanos |
| Designación de volumen o secuencia | 101 |
| 650 #4 - PUNTO DE ACCESO ADICIONAL DE MATERIA--TÉRMINO DE MATERIA | |
| Término de materia o nombre geográfico como elemento de entrada | Novela española |
| Subdivisión cronológica | SIGLO XVI |
| 9 (RLIN) | 15948 |
| 650 #4 - PUNTO DE ACCESO ADICIONAL DE MATERIA--TÉRMINO DE MATERIA | |
| Término de materia o nombre geográfico como elemento de entrada | Literatura española |
| Subdivisión cronológica | SIGLO XVI |
| 9 (RLIN) | 8688 |
| 700 1# - PUNTO DE ACCESO ADICIONAL--NOMBRE DE PERSONA | |
| Nombre de persona | Ruiz Morcuente, Federico, |
| Fechas asociadas al nombre | 1946-, |
| Término indicativo de función/relación | ed. |
| 9 (RLIN) | 15949 |
| 830 #0 - PUNTO DE ACCESO ADICIONAL DE SERIE-TÍTULO UNIFORME | |
| Título uniforme | Clásicos castellanos ; |
| Número de parte o sección de la obra | 101 |
| 9 (RLIN) | 15950 |
| Estado de retiro | Estado de pérdida | Restricciones de uso | No para préstamo | Código de colección | Localización permanente | Ubicación/localización actual | Ubicación en estantería | Fecha de adquisición | Número de inventario | Total de préstamos | Signatura topográfica completa | Código de barras | Fecha visto por última vez | Precio válido a partir de | Tipo de ítem Koha |
|---|---|---|---|---|---|---|---|---|---|---|---|---|---|---|---|
| Monografías: Libros y Folletos | General | General | Depósito | 20.08.2009 | LF1 | 863.3 T585p | 5642-10 | 25.06.2020 | 25.06.2020 | Préstamo en sala |
